Specters of conquest : indigenous absence in transatlantic literatures /

Bibliographic Details
Main Author: Lifshey, Adam
Format: eBook
Language:English
Published: New York : Fordham University Press, 2010.
Edition:1st ed.
Series:American literatures initiative
Subjects:
Online Access:Connect to the full text of this electronic book

MARC

Tag First Indicator Second Indicator Subfields
LEADER 00000cam a22000004a 4500
001 in00003294792
005 20190405175254.0
006 m d
007 cr |||||||nn|n
008 100308s2010 nyu o d eng d
010 |z  2010008940 
020 |a 9780823249060 
020 |z 9780823232383 (cloth : alk. paper) 
020 |z 9780823232406 (eBook) 
020 |z 0823232387 
035 |a (MdBmJHUP)muse9780823249060 
040 |a MdBmJHUP  |c MdBmJHUP  |d UtOrBLW 
050 0 0 |a PN441  |b .L445 2010 
082 0 0 |a 809/.933587  |2 22 
100 1 |a Lifshey, Adam. 
245 1 0 |a Specters of conquest :  |b indigenous absence in transatlantic literatures /  |c Adam Lifshey. 
250 |a 1st ed. 
264 1 |a New York :  |b Fordham University Press,  |c 2010. 
300 |a 1 online resource (xi, 182 pages ) 
336 |a text  |b txt  |2 rdacontent 
337 |a computer  |b c  |2 rdamedia 
338 |a online resource  |b cr  |2 rdacarrier 
490 0 |a American literatures initiative 
504 |a Includes bibliographical references (pages [166]-171) and index. 
505 0 |a Columbus the haunted. The diary of the first voyage and William Carlos Williams's "The discovery of the Indies" -- 2. Indigenous atextualizations. The Popol Vuh and I, Rigoberta Menchú: An Indian woman in Guatemala -- 3. Castaway Colonialism. Daniel Defoe's "Robinson Crusoe" and Álvar Núñez Cabeza de Vaca's account -- 4. Apparitions of Africa. Leoncio Evita's "When the combes fought" and Jose Martí's "Our America" -- 5. Subjunctive America. Thomas Pynchon's "Mason & Dixon" and Gabriel García Márquez's "Love in the time of cholera." 
588 |a Description based on print version record. 
500 |a Electronic resource. 
650 0 |a Comparative literature  |x Theory, etc. 
650 0 |a Literature  |x History and criticism  |x Theory, etc. 
651 0 |a America  |x Civilization. 
651 0 |a Western Hemisphere  |x In literature. 
651 0 |a America  |x In literature. 
655 7 |a Electronic books.  |2 local 
856 4 0 |u http://proxy.library.tamu.edu/login?url=http://muse.jhu.edu/books/9780823249060/  |z Connect to the full text of this electronic book  |t 0 
999 |a MARS 
999 f f |s 73bb1de1-8abd-3e1d-84c7-7943d4bc8f90  |i f3c5dc07-0ad4-3d2d-9ad8-112c9c561d47  |t 0 
952 f f |a Texas A&M University  |b College Station  |c Electronic Resources  |d Available Online  |t 0  |e PN441 .L445 2010  |h Library of Congress classification 
998 f f |a PN441 .L445 2010  |t 0  |l Available Online